Исследование уровня удовлетворённости клиентов; Энергия молодых - экономике России; Ч. 2

Detalles Bibliográficos
Parent link:Энергия молодых - экономике России: труды IX Международной научно-практической конференции студентов и молодых ученых, г. Томск, 19-22 мая 2008 г./ Томский политехнический университет (ТПУ) ; Вольное экономическое общество России ; Международный союз экономистов (МСЭ).— , 2008
Ч. 2.— 2008.— С. 202-203
Autor principal: Поляков А. А.
Otros Autores: Дащинская С. К. (научный руководитель)
Lenguaje:ruso
Publicado: 2008
Materias:
Formato: Capítulo de libro
KOHA link:https://koha.lib.tpu.ru/cgi-bin/koha/opac-detail.pl?biblionumber=159509

MARC

LEADER 00000naa2a2200000 4500
001 159509
005 20231031155203.0
035 |a (RuTPU)RU\TPU\book\173015 
090 |a 159509 
100 |a 20090512d2008 k y0rusy50 ca 
101 0 |a rus 
102 |a RU 
200 1 |a Исследование уровня удовлетворённости клиентов  |f А. А. Поляков  |g науч. рук. С. К. Дащинская 
320 |a Библиогр.: 3 назв. 
461 1 |0 (RuTPU)RU\TPU\book\166087  |t Энергия молодых - экономике России  |o труды IX Международной научно-практической конференции студентов и молодых ученых, г. Томск, 19-22 мая 2008 г.  |f Томский политехнический университет (ТПУ) ; Вольное экономическое общество России ; Международный союз экономистов (МСЭ)  |d 2008 
463 0 |0 (RuTPU)RU\TPU\book\167192  |t Ч. 2  |v С. 202-203  |d 2008 
610 1 |a клиенты 
610 1 |a удовлетворённость 
610 1 |a потребители 
610 1 |a исследования 
610 1 |a труды учёных ТПУ 
700 1 |a Поляков  |b А. А. 
702 1 |a Дащинская  |b С. К.  |4 727 
801 1 |a RU  |b 63413507  |c 20090512  |g PSBO 
801 2 |a RU  |b 63413507  |c 20161122  |g RCR 
942 |c BK